| 000 | 00659nam a22001937a 4500 | ||
|---|---|---|---|
| 005 | 20150827155359.0 | ||
| 010 | _aENG-113368 | ||
| 020 |
_a9789383098132 _c495.00 |
||
| 035 | _aEN-96900 | ||
| 037 | _bDBAD/PUB | ||
| 082 | _a352.3790954 | ||
| 245 |
_aSecurity governance, and democratic rights : _cedited by K..S. Subramanian _bessays on the North-East / |
||
| 260 |
_aNew Delhi _bNiyogi Books _c2014 |
||
| 270 |
_aD-78, Okhla Industrial Area, Phase-I, _bNew Delhi _e110020 |
||
| 300 |
_a242p. _c23cm(pbk) |
||
| 500 | _aIncludes bibliographical references and index | ||
| 700 | _aSubramanian, K.S. | ||
| 942 |
_2ddc _cEN _mSEC _h352.3790954 |
||
| 999 |
_c94684 _d94684 |
||